000 00262nam a2200109Ia 4500
008 200302s9999 xx 000 0 und d
100 _aHenri Stierlin
245 _aEncyclopedia of World Architecture
260 _bEvergreen Ltd.
260 _c1977
300 _a493 P.,
999 _c918
_d918